| 000 | 00610nam a2200205Ia 4500 | ||
|---|---|---|---|
| 003 | OSt | ||
| 005 | 20250620130212.0 | ||
| 008 | 210210b1982 xxu||||| |||| 00| 0 eng d | ||
| 040 | _cAL | ||
| 041 | _aKannada | ||
| 082 | _aK894.9 SARM | ||
| 100 |
_aSAROJ MOHAN MITRA _dಮಿತ್ರ ಸರೋಜ್ ಮೋಹನ್ _9215668 |
||
| 245 |
_aManika vandyopladhyaya _bಮಾಣಿಕ ವಂದ್ಯೋಪಾಧ್ಯಾಯ |
||
| 260 |
_aHosa Dehali _bSahitya Akademi _c1982 |
||
| 300 | _a92 | ||
| 650 |
_aSahitya Akademi _9215669 |
||
| 690 |
_aKannada Criticism _9215670 |
||
| 906 | _a041949 | ||
| 942 |
_2ddc _cBK |
||
| 999 |
_c91842 _d91842 |
||